Kosovo - Statistics

Estatísticas Gerais
  • Esse quiz foi jogado 7 vezes
  • A pontuação média é 3 de 15
Estatísticas das Respostas
Imagem Resposta % Correto
Pristina
83%
Peć
67%
Mitrovica
50%
Prizren
50%
Gazivoda Lake
17%
Gjeravica
17%
Newborn Monument
17%
Bjeshkët e Nemuna National Park
0%
Hajla
0%
Koritnik
0%
Maja E kallabakut
0%
Nebeske stolice
0%
Pancic's peak
0%
Peskovi
0%
Žljeb
0%
Nenhum quiz correspondente encontrado
Distribuição das Pontuações
Porcentagem de Pessoas com Cada Pontuação
Percentil de Números Respondidos
Sua Pontuação Histórica
Você não jogou esse quiz